000 00527nam a2200181Ia 4500
008 090201s9999 xx 000 0 und d
010 _aKPL-36082
040 _bमराठी
041 _aमराठी
082 _a24659
082 _b36082
100 _aवैजयंती काळे
245 _aमालक
_cवैजयंती काळे
260 _c2004
_bराजेंद्र पब्लिकेशन्स
300 _a175
_bमोठा
600 _aमालक
942 _cBOOK
999 _c223970
_d223970